Total quality management : (Record no. 531498)
[ view plain ]
| 000 -LEADER | |
|---|---|
| fixed length control field | 01263cam a2200337 a 4500 |
| 001 - CONTROL NUMBER | |
| control field | 4935522 |
| 003 - CONTROL NUMBER IDENTIFIER | |
| control field | NUST |
| 005 - DATE AND TIME OF LATEST TRANSACTION | |
| control field | 20191017163303.0 |
| 008 - FIXED-LENGTH DATA ELEMENTS--GENERAL INFORMATION | |
| fixed length control field | 950731s1995 enk b 001 0 eng d |
| 010 ## - LIBRARY OF CONGRESS CONTROL NUMBER | |
| LC control number | 95186742 |
| 020 ## - INTERNATIONAL STANDARD BOOK NUMBER | |
| International Standard Book Number | 0750621249 |
| 035 ## - SYSTEM CONTROL NUMBER | |
| System control number | (OCoLC)32896179 |
| 038 ## - RECORD CONTENT LICENSOR | |
| Staff Name | ATTA |
| 040 ## - CATALOGING SOURCE | |
| Original cataloging agency | UkBaU |
| Transcribing agency | UkBaU |
| Modifying agency | DLC |
| 042 ## - AUTHENTICATION CODE | |
| Authentication code | lccopycat |
| 050 00 - LIBRARY OF CONGRESS CALL NUMBER | |
| Classification number | HD62.15 |
| Item number | .O173 1995 |
| 082 00 - DEWEY DECIMAL CLASSIFICATION NUMBER | |
| Classification number | 658.5 OAK |
| Edition number | 21 |
| 100 1# - MAIN ENTRY--PERSONAL NAME | |
| Personal name | Oakland, John S. |
| 9 (RLIN) | 867 |
| 245 10 - TITLE STATEMENT | |
| Title | Total quality management : |
| Remainder of title | text with cases / |
| Statement of responsibility, etc. | John S. Oakland ; case study co-author Leslie J. Porter. |
| 260 ## - PUBLICATION, DISTRIBUTION, ETC. | |
| Place of publication, distribution, etc. | Oxford ; |
| -- | Boston : |
| Name of publisher, distributor, etc. | Butterworth-Heinemann, |
| Date of publication, distribution, etc. | 1995. |
| 300 ## - PHYSICAL DESCRIPTION | |
| Extent | xii, 370 p. : |
| Other physical details | ill. ; |
| Dimensions | 24 cm. |
| 440 #0 - SERIES STATEMENT/ADDED ENTRY--TITLE | |
| Title | B H contemporary business series. |
| 9 (RLIN) | 24273 |
| 504 ## - BIBLIOGRAPHY, ETC. NOTE | |
| Bibliography, etc. note | Includes bibliographical references (p. [357]-363) and index. |
| 650 #0 - SUBJECT ADDED ENTRY--TOPICAL TERM | |
| Topical term or geographic name entry element | Total quality management. |
| 9 (RLIN) | 872 |
| 650 #0 - SUBJECT ADDED ENTRY--TOPICAL TERM | |
| Topical term or geographic name entry element | Total quality management |
| General subdivision | Case studies. |
| 9 (RLIN) | 24274 |
| 700 1# - ADDED ENTRY--PERSONAL NAME | |
| Personal name | Porter, Leslie J. |
| 9 (RLIN) | 24275 |
| 856 42 - ELECTRONIC LOCATION AND ACCESS | |
| Materials specified | Publisher description |
| Uniform Resource Identifier | <a href="http://www.loc.gov/catdir/enhancements/fy1117/95186742-d.html">http://www.loc.gov/catdir/enhancements/fy1117/95186742-d.html</a> |
| 906 ## - LOCAL DATA ELEMENT F, LDF (RLIN) | |
| a | 7 |
| b | cbc |
| c | copycat |
| d | 3 |
| e | ncip |
| f | 19 |
| g | y-gencatlg |
| 942 ## - ADDED ENTRY ELEMENTS (KOHA) | |
| Source of classification or shelving scheme | |
| Koha item type | Book |
| Withdrawn status | Lost status | Source of classification or shelving scheme | Damaged status | Not for loan | Permanent Location | Current Location | Shelving location | Date acquired | Full call number | Barcode | Date last seen | Price effective from | Koha item type | Public note |
|---|---|---|---|---|---|---|---|---|---|---|---|---|---|---|
| Central Library (CL) | Central Library (CL) | Management Sciences | 10/17/2019 | 658.5 OAK | NBS1643 | 10/17/2019 | 10/17/2019 | Book | Weeded Out vide e-minute no.67/2004/NIMS,Dated:23 Auguest 2004 |
